MDQL
is popping MORE tags! Check the
thread
!
Quizzes
Events
Quiz Creation
Community
Videos
Private Events
Remove Ads
Sign In
Join for FREE
Feedback
Dark Mode
Quiz Categories
Sports
Geography
Music
Movies
Television
Just For Fun
Miscellaneous
History
Literature
Language
Science
Gaming
Entertainment
Religion
Holiday
For Kids
Quiz Lab
Recent
Popular Today
Quiz Kudos Today
Editor Picks
Curator Picks
Quizzes by...
Day
Popularity
Type
Ratings
Length
Year
Community
Subscriptions
Recent Discussions
Orange Saloon
Badges
Playlists
Quests
Create
Leaderboards
Showdown
Live 5
Trivia Bingo
Activity
Puzzle Library
Sporcle Events
Private Events
Virtual Trivia
Globe League
Become a Host
Pub Owners
SporcleCon
Opinionation
Our Games
Videos
Blog
Mobile Apps
Partnerships
Remove Ads and Go Orange
Feedback
Gaming
Video Games
Board Games
Card Games
Pokémon
Mario
Nintendo
Minecraft
Console
Toys
Legend of Zelda
Gaming
Video Games
Board Games
Card Games
Pokémon
Mario
Nintendo
Minecraft
Console
Toys
Legend of Zelda
Random Quiz
Search Sporcle
×
Quiz Lab
Quiz Lab
Gaming
item
Type in answers that appear in a list
Type in answers that appear in a list
Classic
Best Score? Go Orange.
Opoona Quiz Stats
Can you name the Opoona Items?
By
psychopenguins
10m
30 Questions
10 Plays
10 Plays
10 Plays
Comments
Comments
Give Quiz Kudos
Give Quiz Kudos
-
- Ratings
hide this ad
Forced Order
Answers have to be entered in order
Answers have to be entered in order
Replay
Link that replays current quiz
Next Quiz
Link to next quiz in quiz playlist
You Got
0%
They Got
Avg Score
44%
Avg Friend Score
Upgrade to see
Score Distribution
Jump to the score distribution portion of the page
Score
0/30
Timer
10:00
0
Plays Today
Hint
Answer
% Correct
Main Character
Opoona
100%
Main Character's Sister
Poleena
70%
Beautiful Retirement Location
Paradiso
70%
Main Character's Brother
Copoona
60%
Evil Brother
Aizel
50%
Girl Who Fights Alongside Poleena
Chaika
50%
Opoona's Commander
Goldy
50%
Museum, TV, And Concerts Are Here
Artiela
50%
Fine Dining And A Pet Shop Are Here
Tokione
50%
What Appears Where A Name Should Be During Conversations With Random Characters?
***
50%
What is Artiela's Gambling Location Called?
Artihella
50%
How Many Vehicles Are In Chariman Hope's First Floor Room?
3
50%
The Final Boss
Babushca
40%
Good Brother
Shagla
40%
Has Both A Office Area And A Residential Area
Intelligent Sea
40%
Hint
Answer
% Correct
Blue Firefly Herb Is Found Here
Fonthene
40%
Where Opoona Gets His First Attendant Job
Lifeborn
40%
Opoona's Uncle
Roidman
40%
Where Is The Moon Forest Hotel Located?
Tokione
40%
What Location Had The Volcano?
Lifeborn
40%
Has A Hut
Creola
30%
An Escape Pod Crashes Here And The Scenery Is Beautiful
Orcalphin Coast
30%
A Village With An Elevator In The Middle Of The Ground
Anemos
30%
What Location Has An Awesome Clubhouse Area On The Top Floor
Blue Desert Hotel
30%
Location Between Paradiso And Great Dunes East
Holy Wilds
30%
Rikhael Loses His Love, But What is Her Name?
Rosa
30%
What Disease Does Ted Have?
Carbon Heart
30%
What Is The Fastfood Restaurant In Lifeborn Called?
Eat Everyday
30%
Name One Person In The VIP Room in Lifeborn.
Katherin or Stacia or Yukiha
30%
What Is Opoona's Apartment Number?
A52
30%
Quiz Playlist
Details
Report
Send in Message
Add To Playlist
Classic:
Type in answers that appear in a list
Forced Order:
Answers have to be entered in order
Last Updated: Feb 16, 2017
Quiz Scoreboard
CHALLENGE
Sign Up to Join the Scoreboard
Show All
Scores
Hide
Comments
May contain spoilers
Recently Published
Holiday 10x10 Sorting Gallery
by lukepisani3
Holiday
15m
Two Season TV Shows II
by 123Four
Television
10m
Image Sorting: Flags VI
by Barbecue
Geography
2m
More to Explore
Quiz From the Vault
Featured Blog Post
14 Easter Pick-up Lines to Find Eggs With
hide this ad
You Might Also Like...
Tags
item
thought
Today's Top Quizzes in Gaming
Browse Gaming
hide this ad
Today's Top Quizzes in item
Browse item
Top Contributed Quizzes in Gaming
1
League of Legends Pro Players by Career/Team History
2
Genshin Impact Logic Puzzle
3
Destiny 2 exotic weapons by perk icons
4
Genshin Impact Logic Puzzle Quiz
5
Genshin murder mystery
6
4x4 Decades: Video Games
7
Who's on the WWE 2K24 Cover?
8
Ultimate Genshin Impact Logic Puzzle (up to 4.3)
9
Dead By Daylight Logic Puzzle
10
Undertale Logic Puzzle
Explore More
Trending Topics
Kpop
NBA
Anime
Disney
Crossword
Harry Potter
Marvel
The Office
Pokémon
Soccer
Song
Puzzle
WWE
Country
NFL
hide this ad
More By:
psychopenguins
Quiz
Plays
Rating
Category
Featured
Created
Opoona Quiz
10
5.00
Gaming
Jan 8, 2011
Go to Creator's Profile
Score Distribution
Quiz Creator Spotlight
psychopenguins
Follow
Send a Message
Quizzes Created
-
Created Quiz Play Count
-
More By This Creator
Popular Quizzes Today
1
Find the US States - No Outlines Minefield
2
Colored Red Africa Blitz
3
Find the 'City' Movie
4
The Countries of the World
5
Find the US States
6
5x2 Blitz: Bands
7
Find the Countries of Europe - No Outlines Minefield
8
US States
More Gaming Quizzes
Animated Arcade Trivia
Published
Trending Quizzes
Colored Red Europe Blitz I
Colored Red Europe Blitz II
Colored Red Africa Blitz II
Colored Red Europe Blitz III
Colored Red Africa Blitz III
Recently Updated
Odd Team Out - Big 4 Players
pecheneg
Quick Pick: 20 Twenties
pecheneg
March Madness Men's Triple Doubles
pecheneg
How Do You Spell That?
pecheneg
Godzilla Movies
pecheneg
Grab Bag: 4-10 Letters
pecheneg
2024 March Madness Bracket
pecheneg
Famous TV Couples
Peacemaker
Champions League XIs: Real Madrid
pecheneg
Largest US Cities 1790-2010
pecheneg
Trending Topics
Marvel
Disney
Kpop
Crossword
Harry Potter
NBA
Anime
Pokémon
The Office
WWE
Puzzle
NFL
Country
Soccer
Song
Your Account Isn't Verified!
In order to create a playlist on Sporcle, you need to verify the email address you used during registration. Go to your
Sporcle Settings
to finish the process.
Report this User
Report this user for behavior that violates our
Community Guidelines
.
Details:
Send Report
Go to the Sporcle.com Mobile Site →
Comments